000 00780nam a2200229Ia 4500
003 OSt
005 20220923214311.0
006 a|||||r|||| 00| 0
007 ta
008 220922b |||||||| |||| 00| 0 hin d
024 _a168,546
037 _cTextual
040 _aARTS
_cARTS
_bhin
041 _2hin
_ahin
082 _aO152:1I83:9, J8(TTPH)
100 _aशर्मा, योगेन्द्र; टंडन, तेजनारायण
_9163314
245 0 _aसूर पंचरत्न की टीका
246 _aSūr pancharatna kī ṭīkā
260 _c1958
942 _hO152:1I83:9, J8(TTPH)
_cTEXL
_2CC
999 _c323013
_d323013